00533nam a2200145Ia 4500003000400000008004100004020001100045040000800056041000700064082002000071100004900091245016500140260007400305300000800379LDD190117s9999 xx 000 0 und d c₹125 cLDD ahi a8h4.7 इ734उ aइस्सर, देवेन्द्र 0aउत्तर आधुनिक साहित्य और संस्कृति की नयी सोचcदेवेन्द्र इस्सर aनई दिल्लीbइन्द्रप्रस्थc1996 a152